| 000 | 00718nam a2200229 a 4500 | ||
|---|---|---|---|
| 001 | BRCA_4748 | ||
| 005 | 20190320204804.0 | ||
| 008 | 071010s1937----nyua######---#000-0#eng-# | ||
| 041 | _aeng | ||
| 044 | _anyu | ||
| 050 | 4 |
_aNK2808 _b.H38 1937 |
|
| 100 | 1 |
_aHawley, Walter A. _912011 |
|
| 245 | 1 | 0 |
_aOriental rugs _bAntique and Modern _cby Walter A. Hawley. |
| 260 |
_aNueva York _bTudor _c1937 |
||
| 300 |
_a320 p. _bil. (algunas a color) _c27 cm. |
||
| 500 | _aIncluye índice analítico y de ilustraciones | ||
| 500 | _aIncluye 11 láminas de página completa a color de 80 grabados de medio tono y 4 mapas | ||
| 500 | _aD89 | ||
| 650 | 1 | 4 |
_aTapetes orientales _xDiseños _912012 |
| 902 | _aGFM | ||
| 942 |
_2lcc _cB |
||
| 999 |
_c4446 _d4446 |
||